000 00733nam a22002417i 4500
003 DO-SdBNP
005 20250507134117.0
007 ta
008 250507b |||||||| |||| 00| 0 spa d
040 _aDO-SdBNP
_bspa
_cBNPHU
_erda
041 _hspa
082 _axxx
_bC719h
_222
100 _aColón, Juan
_eautor
_954055
245 0 _aHistoria de la Civilizaciones y Geografía Mudial /
_cJuan Colón
264 _aSanto Domingo :
_bMinisterio de Educación,
_cfecha no identificada
300 _a314 páginas :
_bilustraciones ;
_c29 cm
336 _ardacontent
_btexto
_2txt
337 _ardamedia
_bsin mediación
_2n
338 _ardacarrier
_bvolumen
_2nc
590 _aInventariado, 2025/DG
910 _aDG
942 _2ddc
_cLBS1
999 _c58733
_d58733